Essentials of system analysis and design / (Record no. 2904)

MARC details
000 -LEADER
fixed length control field 00683nam a22002297a 4500
003 - CONTROL NUMBER IDENTIFIER
control field OSt
005 - DATE AND TIME OF LATEST TRANSACTION
control field 20160128140543.0
008 - FIXED-LENGTH DATA ELEMENTS--GENERAL INFORMATION
fixed length control field 160128b xxu||||| |||| 00| 0 eng d
020 ## - INTERNATIONAL STANDARD BOOK NUMBER
International Standard Book Number 013506984x
040 ## - CATALOGING SOURCE
Transcribing agency 040a
082 ## - DEWEY DECIMAL CLASSIFICATION NUMBER
Classification number 003
Item number VAL 2009
245 ## - TITLE STATEMENT
Title Essentials of system analysis and design /
Statement of responsibility, etc. Joseph S. Valacich, Joey F.George, Jeffrey A.Hoffer
250 ## - EDITION STATEMENT
Edition statement 4th.ed
260 ## - PUBLICATION, DISTRIBUTION, ETC. (IMPRINT)
Place of publication, distribution, etc. London
Name of publisher, distributor, etc. Pearson Education
Date of publication, distribution, etc. 2009
300 ## - PHYSICAL DESCRIPTION
Extent i, 458p;
Other physical details Col.ill :
Dimensions 25 cm,
504 ## - BIBLIOGRAPHY, ETC. NOTE
Bibliography, etc includes index
650 ## - SUBJECT ADDED ENTRY--TOPICAL TERM
Topical term or geographic name as entry element System analysis and design
9 (RLIN) 6617
700 ## - ADDED ENTRY--PERSONAL NAME
Personal name Valacich, Joseph s.
9 (RLIN) 6616
700 ## - ADDED ENTRY--PERSONAL NAME
Personal name George, Joey F
9 (RLIN) 4227
700 ## - ADDED ENTRY--PERSONAL NAME
Personal name Hoffer, Jeffrey A.
9 (RLIN) 6615
942 ## - ADDED ENTRY ELEMENTS (KOHA)
Source of classification or shelving scheme Dewey Decimal Classification
Koha item type Short Loan
Holdings
Withdrawn status Lost status Source of classification or shelving scheme Damaged status Not for loan Home library Current library Date acquired Inventory number Total Checkouts Full call number Barcode Date last seen Price effective from Koha item type
    Dewey Decimal Classification     MUST Main Library MUST Main Library 28/01/2016 2011/33465   003 VAL 2009 2016-0001 28/01/2016 28/01/2016 Short Loan